|
|
|
|
| LEADER |
00000nam a22000005a 4500 |
| 001 |
vtls008695478 |
| 003 |
SK-MaSNL |
| 005 |
20260426002124.0 |
| 008 |
240315s2006 xo o f 000 0 epo |
| 015 |
|
|
|a SNBE2007/01-00022
|
| 020 |
|
|
|a 8096904280
|q (brož.)
|
| 040 |
|
|
|a SNK
|b slo
|c SNK
|e AACR2
|
| 041 |
0 |
|
|a epo
|
| 044 |
|
|
|a xo
|c SK
|
| 072 |
|
7 |
|a 811.9
|x Umelé jazyky
|2 konspekt
|
| 080 |
|
|
|a (036)
|2 2001
|
| 080 |
|
|
|a 811.9
|2 2001
|
| 100 |
1 |
|
|a Vajs, Ján,
|d 1953-
|4 aut
|9 176294
|
| 245 |
1 |
0 |
|a 12 monatoj, 12 montopintoj
|
| 246 |
3 |
0 |
|a Dvanásty monatoj 12 montopintoj
|
| 250 |
|
|
|a [1. vyd.]
|
| 260 |
|
|
|a [Partizánske]
|b Espero
|c 2006
|
| 650 |
0 |
7 |
|a esperantisti
|2 SNKPH
|9 55034
|
| 651 |
|
7 |
|a Slovensko
|2 SNKPH
|9 14231
|
| 655 |
|
7 |
|a informačné publikácie
|2 SNKPH
|9 70181
|
| 919 |
|
|
|a 80-969042-8-0
|
| 999 |
|
|
|c 910313
|d 912243
|
| 952 |
|
|
|a SNK
|b SNK
|y PREZ
|7 0
|p 17A0506475
|o snkOSC 23495
|i snk2006/8441
|8 0
|0 0
|1 0
|4 0
|d 2006-04-25
|l 0
|r 2026-02-24 07:41:28
|w 2026-02-24
|
| 952 |
|
|
|a SNK
|b SNK
|y VYP
|7 0
|p 17A0506474
|o snkOSC 23495 D1
|i snk2006/8442
|8 0
|0 0
|1 0
|4 0
|d 2006-04-25
|l 0
|r 2026-02-24 07:41:28
|w 2026-02-24
|